The shaping of the early medieval kingdom

Elmentve itt :
Bibliográfiai részletek
Szerző: Wolfram Herwig
Dokumentumtípus: Cikk
Megjelent: University of California Press Berkeley, Calif. 1970
Sorozat:Viator : medieval and renaissance studies
Kulcsszavak:Államforma - királyság - középkor
Tárgyszavak:
Online Access:http://misc.bibl.u-szeged.hu/65471
LEADER 00824nab a2200229 i 4500
001 misc65471
005 20230504114011.0
008 230104s1970 hu o 0|| eng d
040 |a SZTE Miscellanea Repozitórium  |b hun 
041 |a eng 
100 1 |a Wolfram Herwig 
245 1 4 |a The shaping of the early medieval kingdom  |h [elektronikus dokumentum] /  |c  Wolfram Herwig 
260 |a University of California Press  |b Berkeley, Calif.  |c 1970 
300 |a 1-20  |c 22 cm 
300 |a [20] p.  |c 22 cm 
490 0 |a Viator : medieval and renaissance studies 
561 |a Németh Gyula hagyaték 
591 |a NOH 6461 
650 4 |a Bölcsészettudományok 
650 4 |a Történettudomány és régészet 
695 |a Államforma - királyság - középkor 
856 4 0 |u http://misc.bibl.u-szeged.hu/65471/1/6461_noh.pdf  |z Dokumentum-elérés